书目信息 |
| 题名: |
新编高等数学教程
|
|
| 作者: | 张淑贤 , 彭瑜 主编 | |
| 分册: | ||
| 出版信息: | 天津 天津大学出版社 2010.08 |
|
| 页数: | 329页 | |
| 开本: | 26cm | |
| 丛书名: | ||
| 单 册: | ||
| 中图分类: | O13 | |
| 科图分类: | ||
| 主题词: | 高等数学--gao deng shu xue--高等学校 : 技术学校--教材 | |
| 电子资源: | ||
| ISBN: | 978-7-5618-3629-3 | |
| 000 | 00957nam0 2200265 450 | |
| 001 | 012011547782 | |
| 005 | 20110105140345.50 | |
| 010 | @a978-7-5618-3629-3@dCNY39.80 | |
| 100 | @a20110105d2010 em y0chiy0120 ea | |
| 101 | 0 | @achi |
| 102 | @aCN@b120000 | |
| 105 | @aak a 000yy | |
| 106 | @ar | |
| 200 | 1 | @a新编高等数学教程@Axin bian gao deng shu xue jiao cheng@f张淑贤, 彭瑜主编@Fzhang shu xian,peng yu zhu bian |
| 210 | @a天津@c天津大学出版社@d2010.08 | |
| 215 | @a329页@c图@d26cm | |
| 300 | @a21世纪高等职业教育创新型精品规划教材 高等职业教育“十一五”精品规划教材 | |
| 320 | @a有书目 (第329页) | |
| 330 | @a全书内容包括了一元函数微积分、常微分方程、空间解析几何简介、多元函数微积分、无穷级数、线性代数。 | |
| 606 | 0 | @a高等数学@Agao deng shu xue@x高等学校 : 技术学校@j教材 |
| 690 | @aO13@v4 | |
| 701 | 0 | @a张淑贤@Azhang shu xian@4主编 |
| 701 | 0 | @a彭瑜@Apeng yu@4主编 |
| 801 | 0 | @aCN@bRULIN@c20110105 |
| 905 | @b791290-92@dO13@eZ177@f3 | |
| 新编高等数学教程/张淑贤, 彭瑜主编.-天津:天津大学出版社,2010.08 |
| 329页:图;26cm |
| 21世纪高等职业教育创新型精品规划教材 高等职业教育“十一五”精品规划教材 |
| ISBN 978-7-5618-3629-3:CNY39.80 |
| 全书内容包括了一元函数微积分、常微分方程、空间解析几何简介、多元函数微积分、无穷级数、线性代数。 |
| ● |
| 相关链接 |
|
|
|
正题名:新编高等数学教程
索取号:O13/Z177
 
预约/预借
| 序号 | 登录号 | 条形码 | 馆藏地/架位号 | 状态 | 备注 |
| 1 | 791290 | 207912909 | 自科库401/401自科库 107排9列5层/ [索取号:O13/Z177] | 在馆 | |
| 2 | 791291 | 207912918 | 自科库401/401自科库 107排9列5层/ [索取号:O13/Z177] | 在馆 | |
| 3 | 791292 | 207912927 | 自科库401/401自科库 107排9列5层/ [索取号:O13/Z177] | 在馆 |